| 000 | 00795nam a22002415a 4500 | ||
|---|---|---|---|
| 005 | 20160127143756.0 | ||
| 008 | 150805r20142011ii a fr 001 0 eng d | ||
| 020 | _a9789350141267 | ||
| 040 |
_aEG-ScBUE _beng _cEG-ScBUE _dEG-ScBUE |
||
| 082 | 0 | 4 |
_a005.453 _bPAN _222 |
| 100 | 1 |
_aPandey, Adesh Kumar. _938414 |
|
| 245 | 1 | 0 |
_aConcepts of compiler design / _cby Adesh Kumar Pandy. |
| 250 | _a2nd ed., Reprinted ed. | ||
| 260 |
_aNew Delhi : _bS. K. Kataria & Sons, _c2014. |
||
| 300 |
_a426 p. : _bill. ; _c24 cm. |
||
| 500 | _aIndex : p. 419-426. | ||
| 500 | _aReprint of the 2nd ed. 2011. | ||
| 650 | 7 |
_aCompilers (Computer programs) _2BUEsh _913036 |
|
| 650 | 7 |
_aComputer software _xDevelopment. _2BUEsh _911535 |
|
| 651 | _2BUEsh | ||
| 653 |
_bCOMSCI _cAugust2015 _cJanuary2016 |
||
| 942 | _2ddc | ||
| 999 |
_c20468 _d20440 |
||